2018 Cycling Grand Tours - Statistics

General Stats
  • This quiz has been taken 135 times
  • The average score is 7 of 9
Answer Stats
Giro d'Italia Giro d'Italia % Correct
1st Christopher Froome*
99%
3rd Christopher Froome*
99%
1st Geraint Thomas*
98%
1st Simon Yates
86%
2nd Tom Dumoulin
84%
2nd Tom Dumoulin
84%
2nd Enric Mas
59%
3rd Miguel Angel Lopez
57%
3rd Miguel Angel Lopez
57%
No matching quizzes found
Score Distribution
Percent of People with Each Score
Percentile by Number Answered
Your Score History
You have not taken this quiz